Le plaisir du texte
Gorde:
| Egile nagusia: | |
|---|---|
| Formatua: | Liburua |
| Hizkuntza: | Undetermined |
| Argitaratua: |
París, Francia
Seuil
1973
|
| Gaiak: | |
| Etiketak: |
Etiketa erantsi
Etiketarik gabe, Izan zaitez lehena erregistro honi etiketa jartzen!
|
MARC
| LEADER | 00000nam a2200000Ia 4500 | ||
|---|---|---|---|
| 008 | 170316s9999 xx 000 0 und d | ||
| 090 | |a 801 B-7pl | ||
| 100 | |a Barthes, Roland | ||
| 245 | |a Le plaisir du texte | ||
| 260 | |a París, Francia | ||
| 260 | |b Seuil | ||
| 260 | |c 1973 | ||
| 300 | |a 105 páginas | ||
| 650 | |a TEORÍA LITERARIA | ||
| 650 | |a LITERATURA | ||
| 650 | |a ESTÉTICA | ||
| 999 | |c 20138 |d 20138 | ||
| 040 | |a cru BVZT | ||
| 942 | |c 15 D |h 801 B-7pl |2 z | ||
